Military Aircraft by Picture - Statistics

General Stats
  • This quiz has been taken 184 times
  • The average score is 9 of 11
Answer Stats
Picture Answer % Correct
Boeing B-52 Stratofortress
98%
General Dynamics F-16 Fighting Falcon
97%
Fairchild Republic A-10 Thunderbolt II
92%
Lockheed U-2 Dragon Lady
88%
North American P-51 Mustang
86%
Mikoyan-Gurevich MiG-21 Fishbed
71%
Mitsubishi A6M Zero
71%
Dassault Mirage III
68%
Hawker Hurricane
67%
Messerschmitt Bf 109 G-6
60%
Tupolev Tu-95 Bear
58%
No matching quizzes found
Score Distribution
Percent of People with Each Score
Percentile by Number Answered
Your Score History
You have not taken this quiz